| 000 | 00324nam a22001217a 4500 | ||
|---|---|---|---|
| 008 | 161214b xxu||||| |||| 00| 0 eng d | ||
| 050 |
_aPN 6121 _b.W |
||
| 100 | _aKalia Payal | ||
| 245 | _aWorld's Grand Speeches | ||
| 260 |
_aNew Delhi: _bVishal Paperbacks, _c[not identified]. |
||
| 300 |
_a224 p. _c21.5cm |
||
| 942 |
_2lcc _cBK |
||
| 999 |
_c11408 _d11408 |
||